| Tag |
First Indicator |
Second Indicator |
Subfields |
| LEADER |
00000cam a2200000 4500 |
| 001 |
in00000451213 |
| 005 |
20151012091929.0 |
| 008 |
730925s1962 caua b 00000 eng d |
| 010 |
|
|
|a 62015104
|
| 035 |
|
|
|a (OCoLC)00697947
|
| 035 |
|
|
|9 ABY6449AM
|
| 040 |
|
|
|c CSU
|d TXA
|d UtOrBLW
|
| 049 |
|
|
|a TXAM
|c [357777]
|
| 050 |
|
0 |
|a HG8531
|b .H4
|
| 082 |
0 |
|
|a 368.973
|
| 100 |
1 |
|
|a Hensley, Roy J.
|
| 245 |
1 |
0 |
|a Competition, regulation, and the public interest in nonlife insurance.
|
| 264 |
|
1 |
|a Berkeley :
|b University of California Press,
|c 1962.
|
| 300 |
|
|
|a 259 pages :
|b illustrations ;
|c 25cm.
|
| 336 |
|
|
|a text
|b txt
|2 rdacontent
|
| 337 |
|
|
|a unmediated
|b n
|2 rdamedia
|
| 338 |
|
|
|a volume
|b nc
|2 rdacarrier
|
| 490 |
1 |
|
|a Publications of the Institute of Business and Economic Research, University of California
|
| 504 |
|
|
|a Includes bibliography.
|
| 650 |
|
0 |
|a Insurance
|z United States.
|
| 830 |
|
0 |
|a Publications of the Institute of Business and Economic Research, University of California.
|
| 999 |
|
|
|a MARS
|
| 999 |
f |
f |
|s ba97631d-7d48-39fc-9a7f-dc0eca8ae9e7
|i 1421f477-e909-3e09-9b0d-7109d9a8ef89
|t 0
|
| 952 |
f |
f |
|p ric
|a Texas A&M University
|b Rellis Campus
|c Joint Library Facility
|d Remote Storage
|t 0
|e HG8531 .H4
|h Library of Congress classification
|i unmediated -- volume
|m A14802890084
|
| 998 |
f |
f |
|a HG8531 .H4
|t 0
|l Remote Storage
|